| 000 | 00620nam a2200205 4500 | ||
|---|---|---|---|
| 999 |
_c14296 _d14296 |
||
| 003 | MIRAKIL | ||
| 005 | 20201218122623.0 | ||
| 008 | 201218b tu ||||| |||| 00| 0 tur d | ||
| 040 |
_aTR-AnCHP _cTR-AnCHP |
||
| 041 | _aTUR | ||
| 082 |
_a321.8 _bT34t 1983 |
||
| 100 | _aTekin, Abdullah | ||
| 245 | 1 | 0 |
_aTürk toplumunun çağdaşlaşmasında Atatürkçü laiklik / _cAbdullah Tekin. |
| 260 |
_aAnkara: _b[yayl.y.], _c1983. _fEmel Matbaacılık Sanayii |
||
| 300 |
_a136 s.: _c19 sm. |
||
| 504 | _aKaynakça vardır. | ||
| 650 | 0 |
_9645 _aLaiklik _xTürkiye |
|
| 650 | 0 |
_95 _aTürkiye _xÇağdaşlaşma |
|
| 942 |
_2ddc _cBKS |
||